000 00402cam a22001097a 4500
008 180718b1983 xxu||||| |||| 00| 0 eng d
082 _aB71103x5444 A/N
100 _aKarnataka. Department of Law and Parliamentary Affairs
245 _aThe Karnataka zilla parishads, taluk panchayat samithis, mandal panchayats and nayaya panchayats act, 1983
260 _aBangalore
_bThe author
_c1983
300 _a198+p.
999 _c488580
_d488580